000 00666nam a2200193Ii 4500
003 JO-AjNU
008 230606s9999||||xx |||||||||||||| ||und||
040 _aJO-AjNU
_beng
_erda
_cJO-AjNU
041 _aeng
050 1 4 _aQA76.9.M35 K64
100 3 _a Kolman, Bernard,/Busby,Robert,
_eauthor
_93721
245 0 0 _a Discrete mathematical structures for computer science. 
264 3 1 _aPRENTIC HALL PTR:NEW JERSEY,2013
300 _a522p
_bPrevious edition: 1984., Previous edition: 1984. 
336 _atext
_btxt
_2rdacontent
337 _aunmediated
_bn
_2rdamedia
338 _avolume
_bnc
_2rdacarrier
650 4 _a Computer science -- Mathematics. 
_93722
999 _aE1943
_c1943
_d1943